000
00282nam a22001217a 4500
041
_a
ENG
100
_a
Bhatia.J.N
245
_a
Principles Of Indutrial Managment And Book Keeping
260
_a
Delhi
_b
Dhanpat Rai
_c
1998
300
_a
468
650
_a
GAE (15)
856
_u
GAE (15)
999
_c
2959
_d
2959